Aguirre Beltrán: obra polémica /

מידע ביבליוגרפי
מחבר ראשי: Palerm, Angel. 1917-1980
פורמט: ספר
שפה:Spanish
יצא לאור: México: Instituto Nacional de Antropología e Historia, 1976.
מהדורה:Primera edción.
נושאים:

MARC

LEADER 00000cam a2200000 i 4500
003 Ucuenca
005 20230308230139.0
006 a||||gr|||| 001 |
007 ta
008 181009s1976 mx gr|||| 001 | spa a
040 |b spa  |a UCuenca-cdrjbv  |c UCuenca  |e rda 
041 0 |a spa 
082 0 |2 22  |a 972.02  |c 350624 
100 1 |9 229663  |a Palerm, Angel.  |d 1917-1980 
245 1 0 |a Aguirre Beltrán:   |b obra polémica /   |c Angel Palerm. 
250 |a Primera edción. 
264 1 |a México:   |b Instituto Nacional de Antropología e Historia,   |c 1976. 
300 |a 227 páginas:   |c 21 cm 
336 |2 rdacontent  |a texto  |b txt 
337 |2 rdamedia  |a no mediado  |b n 
338 |2 rdacarrier  |a volumen  |b nc 
504 |a incl. bibind. 
650 2 7 |a Historia  |2 UCuenca-cdrjbv  |z México  |9 264332 
651 |2 UCuenca-cdrjbv 
942 |c BK  |z bladimir.cabrerar@ucuenca.edu.ec  |2 ddc  |r bladimir.cabrerar@ucuenca.edu.ec 
999 |c 155450  |d 155450